| 000 | 00643nam a2200205 i 4500 | ||
|---|---|---|---|
| 001 | 129272 | ||
| 003 | ES-MaACL | ||
| 005 | 20230906193453.0 | ||
| 007 | t| | ||
| 008 | 070611s1970 sp ||||1| spa d | ||
| 080 | _a23:92(100)"19" | ||
| 245 | 0 | 0 |
_aTendencias de la teología en el siglo XX _b: una historia en semblanzas / _cEditado por Hans Jürgen Schultz ; traducción por Diorki. |
| 260 |
_aMadrid : _bStudium, _c[1970] |
||
| 300 |
_a787 p. : _bil. ; _c22 cm. |
||
| 700 | 1 |
_aSchultz, Hans Jürgen. _9187169 |
|
| 700 | 2 |
_aDiorki. _9186458 |
|
| 710 | 2 |
_aDiorki. _93392 |
|
| 852 |
_aES-MaACL _jC-38352 _bR.75512 |
||
| 999 |
_c129272 _d129272 |
||